00927nam a2200193Ia 4500001000900000003001000009008004100019040002500060041001300085100004000098245004800138250001100186260008300197300001200280500014900292501011400441520014900555650002900704L010-142IT-CnALBA170116s9999||||xx |||||||||||||| ||und|| aIT-CnALBAcIT-CnALBA aITALIANO aCENTRO DI STUDI CRISTIANI GALLARATE 0aBIBLIOGRAFIA FILOSOFICA ITALIANA ANNO 1956  a1a ed. a BRESCIAbMORCELLIANA EDITRICE c1956 [1° Ed.:1956 - Ed.Ling.Originale: 1956] a186 p.  aREPERTORI, EDIZIONI, RASSEGNE, BIBLIOGRAFIE, CONGRESSI, EDIZIONI DI TESTI. STORIA DELLA FILOSOFIA, FILOSOFIA. INDICE: AUTORI, AUTORI RECENSITI.  aSocietà San Paolo EM - Piazza San Paolo, 14 - 12051 ALBA (CN) (non commercial uses only) ® Copyright 2017 aREPERTORI, EDIZIONI, RASSEGNE, BIBLIOGRAFIE, CONGRESSI, EDIZIONI DI TESTI. STORIA DELLA FILOSOFIA, FILOSOFIA. INDICE: AUTORI, AUTORI RECENSITI.  aBIBLIOGRAFIE E CATALOGHI